Quản trị ngành công tác xã hội Bài giảng
.
Đã lưu trong:
| Tác giả chính: | |
|---|---|
| Định dạng: | Sách |
| Năm xuất bản: |
Quảng Bình.
Đại học Quảng Bình
2007
|
| Chủ đề: | |
| Tags: |
Thêm thẻ
Không có thẻ, Hãy là người đầu tiên gắn thẻ bản ghi này!
|
| LEADER | 00590nam a2200169 4500 | ||
|---|---|---|---|
| 999 | |c 14404 |d 14404 | ||
| 082 | |a 361.3068 |b L561L | ||
| 100 | |a Lương Lan Huệ | ||
| 245 | |a Quản trị ngành công tác xã hội |b Bài giảng |c Lương Lan Huệ | ||
| 260 | |a Quảng Bình. |b Đại học Quảng Bình |c 2007 | ||
| 300 | |a 80tr. |c 30cm | ||
| 520 | |a . | ||
| 653 | |a Công tác xã hội | ||
| 653 | |a Quản trị | ||
| 653 | |a Bài giảng | ||
| 942 | |2 ddc |c TC | ||
| 952 | |0 0 |1 0 |2 ddc |4 0 |6 361_306800000000000_L561L |7 0 |9 111384 |a qbu |b qbu |c D1 |d 2017-07-14 |o 361.3068 L561L |p BG270.c1 |r 2017-07-14 |w 2017-07-14 |y TC | ||